| Поле | Инд. | ПП | Название | Значение |
|---|---|---|---|---|
| Тип записи | a | |||
| Библиографический уровень | b | |||
| 001 | Контрольный номер | RU/IS/BASE/354034309 | ||
| 005 | Дата корректировки | 20200608194355.1 | ||
| 008 | Кодируемые данные | 20110321 | ||
| 040 | b | Код языка каталог. | rus | |
| e | Правила каталог. | PSBO | ||
| 041 | 0_ | a | Код языка текста | rus |
| 084 | a | Индекс другой классификации/Индекс ББК | 60.9; 60.561.7 | |
| 100 | 1_ | a | Автор | Аверин Ю. П. |
| q | Полное имя | Аверин Юрий Петрович | ||
| 245 | 10 | a | Заглавие | Состояние и развитие социального потенциала благотворительности в российских мегаполисах |
| 500 | a | Примечание | Стат. дан. в тексте | |
| 504 | a | Библиография | Библиогр.: с. 54 | |
| 520 | a | Аннотация | В статье на основе данных социологического исследования дается сравнительная оценка уровня участия социальных групп населения Москвы и Санкт-Петербурга в благотворительной деятельности, а также рассматриваются факторы, обуславливающие это участие: отношение к благотворительности, деятельность благотворительных организаций, уровень информированнности и ее источники, представление о роли государства и общественных организаций в благотворительной деятельности, оценка ее эффективности и направлений развития | |
| 650 | a | Основная рубрика | социальная защита | |
| a | Основная рубрика | социология | ||
| a | Основная рубрика | социология благотворительности | ||
| 653 | a | Ключевые слова | благотворительность | |
| a | Ключевые слова | благотворительные организации | ||
| a | Ключевые слова | мегаполисы | ||
| a | Ключевые слова | Москва | ||
| a | Ключевые слова | Россия | ||
| a | Ключевые слова | Санкт-Петербург | ||
| a | Ключевые слова | социальные группы | ||
| a | Ключевые слова | социальный потенциал | ||
| a | Ключевые слова | социологические исследования | ||
| 773 | 08 | t | Заглавие источника | Вестник Московского университета. Серия 18, Социология и политология |
| d | Дата издания источника | 2010 | ||
| g | Прочая информация | № 4. - С. 46 - 54 | ||
| w | Контрольный № источника | RU/IS/BASE/349533681 | ||
| 901 | t | Тип документа | b |